[Event "Tournoi Skype 030A"]
[Site "Skype"]
[Date "????.??.??"]
[Round "5.34"]
[White "Zenini, Simone"]
[Black "Munoz Gonzalez, Martin"]
[Result "1/2-1/2"]
[WhiteElo "1411"]
[BlackElo "1412"]
[PlyCount "72"]

1. d4 d6 2. e4 Nd7 3. Nf3 g6 4. Bc4 Bg7 5. Ng5 e6 6. Nf3 Nb6 7. Bb3 c6 8. O-O
Qc7 9. Bf4 Nf6 10. c3 Nxe4 11. Re1 Nf6 12. a4 O-O 13. a5 Nbd5 14. Bg3 Nh5 15.
Bh4 Ne7 16. g4 Nf6 17. h3 Nfd5 18. Bg3 Nf6 19. Nbd2 Qd8 20. Nc4 d5 21. Nce5 Ne4
22. Bh4 f6 23. Nd3 Qc7 24. Nd2 g5 25. Nxe4 gxh4 26. Nec5 Ng6 27. Nxe6 Bxe6 28.
Rxe6 Nf4 29. Re3 Bh6 30. Rf3 Ng6 31. Nc5 Rae8 32. Bc2 Qg7 33. Bf5 Nf4 34. Qb3
Rf7 35. Qa3 Rfe7 36. Nd3 Nxd3 1/2-1/2

[Event "Tournoi Skype 030A"]
[Site "Skype"]
[Date "????.??.??"]
[Round "5.35"]
[White "Escudero Ocana, Francisco"]
[Black "Hague, Mark"]
[Result "0-1"]
[WhiteElo "1393"]
[BlackElo "1395"]
[PlyCount "54"]

1. e4 c6 2. d4 d5 3. exd5 cxd5 4. c4 Nf6 5. Nc3 dxc4 6. Bxc4 e6 7. Qa4+ Nc6 8.
Bb5 Bd7 9. Nf3 a6 10. Bd3 Be7 11. Qb3 b5 12. d5 exd5 13. Nxd5 O-O 14. Ng5 Nxd5
15. Nxh7 Be6 16. Nxf8 Bxf8 17. Qc2 Ncb4 18. Qe2 Nxd3+ 19. Qxd3 Nf6 20. Qxd8
Rxd8 21. O-O Rd5 22. Bg5 Rxg5 23. b3 Bh3 24. Rac1 Bxg2 25. Rfe1 Bh3+ 26. Kh1
Be6 27. Rc6 Bd5+ 0-1

[Event "Tournoi Skype 030A"]
[Site "Skype"]
[Date "????.??.??"]
[Round "6.1"]
[White "Rico Hernandez, Edgar"]
[Black "Figueroa, Tomas"]
[Result "0-1"]
[WhiteElo "1748"]
[BlackElo "2093"]
[PlyCount "112"]

1. d4 d5 2. c4 c6 3. cxd5 cxd5 4. Nc3 Nf6 5. Bf4 a6 6. Nf3 Bf5 7. e3 e6 8. a3
Nc6 9. Rc1 Be7 10. h3 Rc8 11. Bd3 Bxd3 12. Qxd3 O-O 13. O-O h6 14. Ne5 Nxe5 15.
Bxe5 Nd7 16. Bg3 Nb6 17. Rfd1 Nc4 18. Qe2 Qb6 19. Rc2 Rfd8 20. Rdc1 Bf8 21. Nb1
Rc6 22. b4 Rdc8 23. Qd3 a5 24. bxa5 Qxa5 25. Qb3 Rb6 26. Qa2 Rcc6 27. a4 Ra6
28. Nc3 Na3 29. Qb3 Nxc2 30. Rxc2 Rab6 31. Nb5 Rxc2 32. Qxc2 Rc6 33. Qb3 Qe1+
34. Kh2 Qb4 35. Qd1 Rc4 36. Qg4 Qxa4 37. Nd6 Qc6 38. Nxc4 dxc4 39. Qd1 b5 40.
f3 Bd6 41. f4 b4 42. Be1 Qe4 43. Qc1 c3 44. Kg1 Qd5 45. Qc2 Qc4 46. Kf2 b3 47.
Qxc3 Qxc3 48. Bxc3 Ba3 49. Kf3 b2 50. Bxb2 Bxb2 51. g4 Kf8 52. h4 f5 53. gxf5
exf5 54. e4 Bxd4 55. exf5 h5 56. Ke4 Bf2 0-1

[Event "Tournoi Skype 030A"]
[Site "Skype"]
[Date "????.??.??"]
[Round "6.2"]
[White "Calcino, Luis"]
[Black "Deville, Olivier"]
[Result "0-1"]
[WhiteElo "1694"]
[BlackElo "1767"]
[PlyCount "52"]

1. Nf3 Nf6 2. c4 e6 3. d4 Bb4+ 4. Nbd2 O-O 5. e3 b6 6. Bd3 Bb7 7. O-O Bxd2 8.
Nxd2 c5 9. b3 cxd4 10. exd4 d5 11. Bb2 Nc6 12. cxd5 Qxd5 13. Bc4 Qd6 14. Nf3
Rfd8 15. Qe2 Rac8 16. Rfd1 Ne7 17. Rac1 Ned5 18. g3 Nc7 19. Qe5 Bxf3 20. Qxd6
Rxd6 21. Ba6 Rcd8 22. Rd3 Nxa6 23. Rxf3 Nb4 24. Rc7 R6d7 25. Rxd7 Nxd7 26. a3
Nd5 0-1

[Event "Tournoi Skype 030A"]
[Site "Skype"]
[Date "????.??.??"]
[Round "6.3"]
[White "Mayor Martinez, Juan Jose"]
[Black "Espadina Solano, Jaime"]
[Result "1-0"]
[WhiteElo "1749"]
[BlackElo "1553"]
[PlyCount "61"]

1. d4 Nf6 2. c4 g6 3. Nc3 Bg7 4. e4 d6 5. h3 O-O 6. Nf3 Na6 7. a3 c5 8. d5 e6
9. Bd3 exd5 10. cxd5 Nc7 11. O-O b5 12. Re1 Re8 13. Rb1 b4 14. axb4 cxb4 15.
Nb5 Nxb5 16. Bxb5 Rxe4 17. Bc6 Rxe1+ 18. Qxe1 Rb8 19. Be3 a6 20. Ba7 Rb7 21.
Bxb7 Bxb7 22. Qxb4 Bxd5 23. Qa3 Bb7 24. Rd1 Ne4 25. Qb4 Qa8 26. Be3 a5 27. Qb6
Ba6 28. Ra1 Be2 29. Rxa5 Qc8 30. Nd4 Bxd4 31. Qxd4 1-0

[Event "Tournoi Skype 030A"]
[Site "Skype"]
[Date "????.??.??"]
[Round "6.5"]
[White "Garcia Andrinal, Antonio"]
[Black "Alarcon Alarcon, Florentina"]
[Result "1/2-1/2"]
[WhiteElo "1632"]
[BlackElo "1378"]
[PlyCount "98"]

1. d4 d5 2. c4 c6 3. Nc3 Nf6 4. Nf3 e6 5. e3 Nbd7 6. cxd5 exd5 7. Bd3 Bd6 8.
O-O O-O 9. e4 dxe4 10. Nxe4 Be7 11. Ne5 Nxe4 12. Bxe4 Nxe5 13. dxe5 Qxd1 14.
Rxd1 Be6 15. b3 f6 16. Bb2 f5 17. Bf3 g5 18. Rac1 Kg7 19. Be2 Kg6 20. f4 h6 21.
Rf1 Rad8 22. Rcd1 Rxd1 23. Rxd1 Rd8 24. Rxd8 Bxd8 25. fxg5 hxg5 26. Bd4 Bb6 27.
Bxb6 axb6 28. Kf2 b5 29. Ke3 b6 30. Bf3 f4+ 31. Kd4 c5+ 32. Ke4 Kf7 33. Be2 c4
34. bxc4 bxc4 35. Kd4 b5 36. a3 Kg6 37. Bf3 Bd7 38. Be4+ Kf7 39. Bd5+ Ke7 40.
Be4 Ke6 41. Bd5+ Ke7 42. Kc3 Be6 43. Be4 Bd7 44. Bf3 Be6 45. Kb4 Bd7 46. h3 Ke6
47. Bg4+ Ke7 48. Bf3 Ke6 49. Bg4+ Ke7 1/2-1/2

[Event "Tournoi Skype 030A"]
[Site "Skype"]
[Date "????.??.??"]
[Round "6.6"]
[White "Yeter, Orhan"]
[Black "Lambert, Pierre"]
[Result "0-1"]
[WhiteElo "1252"]
[BlackElo "1660"]
[PlyCount "132"]

1. e4 c5 2. d4 cxd4 3. c3 d3 4. Bxd3 d6 5. c4 Nf6 6. Nf3 Nc6 7. h3 g6 8. O-O
Bg7 9. Nc3 O-O 10. Be3 Nd7 11. Qd2 Nde5 12. Nxe5 Nxe5 13. Bc2 Nxc4 14. Qc1 Nxe3
15. fxe3 Bd7 16. Bb3 Rc8 17. Qd2 Qa5 18. Rac1 Rc5 19. Rc2 Rg5 20. Kh1 Re5 21.
Qd3 a6 22. Rcf2 Be6 23. Bxe6 fxe6 24. Rxf8+ Bxf8 25. Qc4 Qc5 26. Qe2 Qc6 27.
Qf3 Qe8 28. Ne2 Bg7 29. Nd4 Bf6 30. Rc1 Qd7 31. Qg4 Rc5 32. Rf1 Bxd4 33. exd4
Rc7 34. Qf3 Qe8 35. h4 d5 36. exd5 exd5 37. Qxd5+ e6 38. Qe5 Rf7 39. Rxf7 Qxf7
40. Qb8+ Kg7 41. Qe5+ Qf6 42. g4 Qxe5 43. dxe5 Kf7 44. Kg2 Ke7 45. Kf3 Kd7 46.
Kf4 h6 47. g5 h5 48. Ke3 Kc6 49. Ke4 Kc5 50. a3 a5 51. a4 Kc4 52. b3+ Kc5 53.
Ke3 Kd5 54. Kf4 Kd4 55. Kf3 Kxe5 56. Ke3 Kd5 57. Kd3 e5 58. Ke3 e4 59. Ke2 Kd4
60. Kd2 e3+ 61. Ke2 Ke4 62. Ke1 Kd3 63. Kd1 e2+ 64. Ke1 b6 65. b4 axb4 66. a5
bxa5 0-1

[Event "Tournoi Skype 030A"]
[Site "Skype"]
[Date "????.??.??"]
[Round "6.7"]
[White "Ram, Madhukesh"]
[Black "Chavero, Victor"]
[Result "1-0"]
[WhiteElo "1245"]
[BlackElo "1286"]
[PlyCount "53"]

1. e4 e5 2. Nf3 Nc6 3. Bb5 Nf6 4. O-O Ng4 5. d3 Bc5 6. Bg5 Ne7 7. h3 c6 8. Bc4
f6 9. hxg4 fxg5 10. Nxe5 Rf8 11. Nd2 Qb6 12. Nef3 h5 13. d4 Bxd4 14. Nxd4 Qxd4
15. gxh5 Qxb2 16. Nf3 Qf6 17. Qd2 g4 18. e5 Qh6 19. Qxh6 gxh6 20. Nh4 Nf5 21.
Ng6 Ne3 22. fxe3 Rxf1+ 23. Rxf1 d5 24. exd6 Kd7 25. Rf6 c5 26. Ne5+ Ke8 27.
Bb5+ 1-0

[Event "Tournoi Skype 030A"]
[Site "Skype"]
[Date "????.??.??"]
[Round "6.8"]
[White "Sanchez Ruiz, Justo"]
[Black "Hilton, Stephen"]
[Result "1/2-1/2"]
[WhiteElo "1550"]
[BlackElo "1865"]
[PlyCount "62"]

1. e4 c5 2. Nf3 a6 3. d4 cxd4 4. Nxd4 e5 5. Nb3 Nf6 6. Bg5 Be7 7. Nc3 O-O 8.
Bxf6 Bxf6 9. Bc4 Nc6 10. O-O Rb8 11. a3 b5 12. Bd5 Bb7 13. Re1 d6 14. Nd2 Nd4
15. Nf3 Qb6 16. Bxb7 Qxb7 17. Nd5 Nxf3+ 18. Qxf3 Bd8 19. Rad1 Qc6 20. Nb4 Qb6
21. Qd3 a5 22. Nd5 Qb7 23. Re3 Bg5 24. Rg3 h6 25. Qf3 Qd7 26. Rg4 f5 27. exf5
Qxf5 28. Qxf5 Rxf5 29. h4 Bd8 30. Ne3 Rf6 31. Nd5 Re6 1/2-1/2

[Event "Tournoi Skype 030A"]
[Site "Skype"]
[Date "????.??.??"]
[Round "6.9"]
[White "Blasco, Raul"]
[Black "Gadow, Martin"]
[Result "1-0"]
[WhiteElo "1978"]
[BlackElo "1485"]
[PlyCount "81"]

1. Nf3 Nf6 2. c4 e6 3. g3 d5 4. Bg2 Nbd7 5. d4 Bb4+ 6. Bd2 Bxd2+ 7. Nbxd2 b6 8.
cxd5 exd5 9. O-O O-O 10. Qc2 Bb7 11. Rfd1 Re8 12. e3 c6 13. Ne1 Qe7 14. Nd3
Rac8 15. b4 Ba6 16. Rab1 Ng4 17. Nf3 Nxe3 18. fxe3 Qxe3+ 19. Kh1 c5 20. bxc5
bxc5 21. dxc5 Nf6 22. Qd2 Ng4 23. Qxe3 Rxe3 24. Bh3 Bxd3 25. Bxg4 Bxb1 26. Bxc8
Rxf3 27. Rxb1 Rc3 28. c6 d4 29. Bd7 g6 30. Kg2 Rc2+ 31. Kf1 Kf8 32. Rb7 d3 33.
Ke1 Ke7 34. Bg4+ Kd6 35. Bf3 Rxa2 36. Rd7+ Ke6 37. Rxd3 Rc2 38. Kd1 Rc5 39. Kd2
h5 40. Rc3 Kd6 41. Rxc5 1-0

[Event "Tournoi Skype 030A"]
[Site "Skype"]
[Date "????.??.??"]
[Round "6.10"]
[White "Caputi, Giuliano"]
[Black "Abate, Leonardo"]
[Result "1-0"]
[WhiteElo "1728"]
[BlackElo "1380"]
[PlyCount "43"]

1. Nf3 Nf6 2. d4 d5 3. g3 g6 4. Bg2 Bg7 5. O-O O-O 6. Nbd2 c6 7. b3 Nbd7 8. Bb2
Re8 9. Ne5 Nxe5 10. dxe5 Nd7 11. f4 Nf8 12. e4 Qb6+ 13. Kh1 dxe4 14. Nxe4 Bf5
15. Qe2 Ne6 16. Rad1 Rad8 17. h3 Qa5 18. a4 Qb6 19. Kh2 Nd4 20. Qc4 Be6 21.
Bxd4 Bxc4 22. Bxb6 1-0

[Event "Tournoi Skype 030A"]
[Site "Skype"]
[Date "????.??.??"]
[Round "6.11"]
[White "Elias, Roberto"]
[Black "Vaswani, Manohar"]
[Result "1-0"]
[WhiteElo "1671"]
[BlackElo "1226"]
[PlyCount "101"]

1. c4 e5 2. Nc3 Nf6 3. g3 Bc5 4. Bg2 c6 5. e3 d5 6. d4 exd4 7. exd4 Bb4 8. Qb3
Bxc3+ 9. bxc3 dxc4 10. Qxc4 Be6 11. Qd3 O-O 12. Ne2 Bd5 13. O-O Bxg2 14. Kxg2
Qd5+ 15. f3 Nbd7 16. c4 Qd6 17. a4 Ne5 18. Qc2 Ng6 19. Ba3 Qe6 20. Bxf8 Rxf8
21. Rab1 b6 22. Rfe1 Qd7 23. Rbd1 h5 24. Nc3 h4 25. Ne4 Nh5 26. Qc1 hxg3 27.
hxg3 Qf5 28. Qg5 Qxg5 29. Nxg5 f6 30. Ne6 Re8 31. d5 cxd5 32. cxd5 Ne5 33. f4
Nd7 34. g4 Nxf4+ 35. Nxf4 Rc8 36. Rc1 Rxc1 37. Rxc1 Kf7 38. Rc7 Ke7 39. Rxa7
Kd6 40. Ne6 Kxd5 41. Nxg7 Ne5 42. Kg3 Ke4 43. Ne8 f5 44. Nd6+ Kd5 45. Nxf5 Ke6
46. Ra6 Nc4 47. a5 Nxa5 48. Rxb6+ Kf7 49. g5 Nc4 50. g6+ Kg8 51. Rb8# 1-0

[Event "Tournoi Skype 030A"]
[Site "Skype"]
[Date "????.??.??"]
[Round "6.12"]
[White "Vasquez Cienfuegos, Oscar"]
[Black "Calderon, Francisco"]
[Result "1-0"]
[WhiteElo "1370"]
[BlackElo "1604"]
[PlyCount "113"]

1. c4 Nf6 2. g3 d5 3. cxd5 Nxd5 4. Nc3 e6 5. Bg2 c6 6. Nf3 Nd7 7. O-O Bd6 8. a3
O-O 9. d3 Qe7 10. Bd2 a6 11. Rc1 N7f6 12. Re1 e5 13. Nxd5 Nxd5 14. Qb3 h6 15.
e4 Nf6 16. d4 Nd7 17. Bc3 exd4 18. Bxd4 Be5 19. Nxe5 Nxe5 20. Bc5 Be6 21. Qc3
Qc7 22. Bxf8 Rxf8 23. b4 b5 24. Red1 Bc4 25. Qd4 f6 26. f4 Nf7 27. Bf1 Be6 28.
Qc5 Bd7 29. Rd2 Re8 30. Bg2 g5 31. f5 Ne5 32. Qc2 Ng4 33. Qc5 Kf7 34. Rcd1 Re7
35. Bf3 Ne5 36. Kg2 g4 37. Be2 h5 38. Rd4 Ke8 39. Qd6 Qxd6 40. Rxd6 Nf7 41.
Rxf6 Rxe4 42. Bf1 Ke7 43. Rxf7+ Kxf7 44. Rxd7+ Kf6 45. Rd6+ Ke5 46. Re6+ Kxf5
47. Bd3 Kxe6 48. Bxe4 Kd6 49. Bg6 c5 50. Bxh5 c4 51. Bxg4 c3 52. Bd1 Kd5 53.
Kf3 Kd4 54. Bc2 Ke5 55. h4 Kf6 56. g4 Kg7 57. Ke3 1-0

[Event "Tournoi Skype 030A"]
[Site "Skype"]
[Date "????.??.??"]
[Round "6.13"]
[White "Carballo, Jorge"]
[Black "Casey, Eamonn"]
[Result "1/2-1/2"]
[WhiteElo "1367"]
[BlackElo "1538"]
[PlyCount "44"]

1. e4 e6 2. d4 d5 3. Nc3 Nf6 4. Bg5 Be7 5. exd5 exd5 6. Nf3 Bg4 7. Be2 O-O 8.
O-O Nbd7 9. Re1 c6 10. Ne5 Bxe2 11. Qxe2 Re8 12. Nxd7 Qxd7 13. Qd2 Qd8 14. Re2
Ng4 15. Bxe7 Rxe7 16. Rxe7 Qxe7 17. Re1 Qd7 18. Qe2 Kf8 19. h3 Nf6 20. Qd2 Re8
21. Rxe8+ Qxe8 22. Qe2 Qxe2 1/2-1/2

[Event "Tournoi Skype 030A"]
[Site "Skype"]
[Date "????.??.??"]
[Round "6.14"]
[White "Saponara, Jose Maria"]
[Black "Le Brun, Yves"]
[Result "0-1"]
[WhiteElo "1525"]
[BlackElo "1321"]
[PlyCount "62"]

1. e4 b6 2. d4 Bb7 3. Bd3 Nc6 4. Nf3 Nf6 5. Qe2 h6 6. Nc3 g6 7. h3 Bg7 8. Be3
a6 9. a3 e6 10. O-O O-O 11. Qd2 Kh7 12. e5 Ng8 13. Ne2 Nce7 14. Ng3 Bxf3 15.
gxf3 Nd5 16. Kh2 Nxe3 17. fxe3 Qh4 18. Rg1 f5 19. f4 h5 20. Qg2 Ne7 21. c4 Rab8
22. Rac1 Bh6 23. d5 g5 24. d6 gxf4 25. Nxf5 exf5 26. dxe7 Qg3+ 27. Kh1 Qxg2+
28. Rxg2 Rf7 29. exf4 Re8 30. Rcg1 Rexe7 31. Rg4 hxg4 0-1

[Event "Tournoi Skype 030A"]
[Site "Skype"]
[Date "????.??.??"]
[Round "6.15"]
[White "Mishra, Sourabh"]
[Black "Lovell, Stan"]
[Result "1/2-1/2"]
[WhiteElo "1284"]
[BlackElo "1511"]
[PlyCount "48"]

1. d4 Nf6 2. Nf3 g6 3. c4 Bg7 4. Bf4 d5 5. h3 O-O 6. e3 c5 7. Be2 Nc6 8. O-O
dxc4 9. Bxc4 cxd4 10. exd4 Nd5 11. Bxd5 Qxd5 12. Nc3 Qd8 13. Nb5 Bd7 14. a3 e5
15. dxe5 Nxe5 16. Nc3 Nxf3+ 17. Qxf3 Bc6 18. Qg3 Rc8 19. Rad1 Qb6 20. b4 Rfd8
21. Rxd8+ Qxd8 22. Rd1 Qf6 23. Nd5 Bxd5 24. Rxd5 Rd8 1/2-1/2

[Event "Tournoi Skype 030A"]
[Site "Skype"]
[Date "????.??.??"]
[Round "6.16"]
[White "Lucena Vaz, Jose"]
[Black "Trivedi, Viral"]
[Result "0-1"]
[WhiteElo "1674"]
[BlackElo "1210"]
[PlyCount "30"]

1. c4 Nf6 2. g3 g6 3. Bg2 Bg7 4. Nf3 O-O 5. O-O d5 6. cxd5 Nxd5 7. d4 Nc6 8. e3
Bf5 9. Qb3 Ndb4 10. Ne5 Nc2 11. Nxc6 bxc6 12. e4 Nxa1 13. exf5 Nxb3 14. Bxc6
Nxc1 15. Bxa8 Ne2+ 0-1

[Event "Tournoi Skype 030A"]
[Site "Skype"]
[Date "????.??.??"]
[Round "6.17"]
[White "Gungor, Gokhan"]
[Black "Perrone, Gabriel Lorenzo"]
[Result "1-0"]
[WhiteElo "1579"]
[BlackElo "1359"]
[PlyCount "27"]

1. e4 c6 2. d4 d5 3. exd5 cxd5 4. c4 dxc4 5. Bxc4 Nf6 6. Nc3 Bg4 7. Qb3 Qxd4 8.
Bxf7+ Kd8 9. Be3 Qe5 10. Qxb7 Ne4 11. Nxe4 Be6 12. Nc5 Bxf7 13. Rd1+ Ke8 14.
Qc8# 1-0

[Event "Tournoi Skype 030A"]
[Site "Skype"]
[Date "????.??.??"]
[Round "6.19"]
[White "Karia, Vijay"]
[Black "Bendre, Pankaj"]
[Result "1-0"]
[WhiteElo "1447"]
[BlackElo "1182"]
[PlyCount "49"]

1. e4 c6 2. d4 d5 3. exd5 cxd5 4. Bd3 Nf6 5. c3 e6 6. Nf3 Bd6 7. Bg5 Nbd7 8.
Nbd2 Qc7 9. O-O O-O 10. Re1 a6 11. Rc1 h6 12. Bh4 Qa5 13. a3 Rd8 14. Ne5 Qc7
15. Nxd7 Bxd7 16. Bxf6 gxf6 17. Qg4+ Kh8 18. Qh5 Kg7 19. Nf1 Rg8 20. Ne3 f5 21.
Nf1 Kh7 22. Qxf7+ Rg7 23. Qh5 Rag8 24. g3 Rg5 25. Qh3 1-0

[Event "Tournoi Skype 030A"]
[Site "Skype"]
[Date "????.??.??"]
[Round "6.20"]
[White "Engstrom, Olle"]
[Black "Lopes, Marcia Maria"]
[Result "1-0"]
[WhiteElo "1438"]
[BlackElo "1321"]
[PlyCount "93"]

1. e4 c5 2. Nf3 d6 3. d4 cxd4 4. Nxd4 Nf6 5. Nc3 a6 6. Bg5 e5 7. Nb3 Be7 8. Be2
O-O 9. O-O b5 10. Bxf6 Bxf6 11. Nd5 Bd7 12. Qd3 Bc6 13. Rfd1 Bxd5 14. Qxd5 Ra7
15. Qxd6 Rd7 16. Qa3 Qb6 17. Qc5 Qe6 18. h3 h6 19. Bg4 Rxd1+ 20. Rxd1 Qc6 21.
Qxc6 Nxc6 22. Rd6 Nb4 23. c3 Nxa2 24. Rxa6 Nxc3 25. bxc3 Rd8 26. Rc6 Kf8 27.
Kf1 Bg5 28. Ke1 Ke7 29. Rc5 Rb8 30. Rxe5+ Kd6 31. Rd5+ Kc7 32. Nd4 b4 33. Nb5+
Kb6 34. c4 b3 35. Nc3 Ka6 36. Kd1 b2 37. Kc2 Bc1 38. Kb1 Rb3 39. Rd6+ Ka5 40.
Nb5 Rb4 41. Be2 Ra4 42. Nc3 Ra1+ 43. Kc2 Ra3 44. c5 Kb4 45. Rd4+ Kxc5 46. Rd5+
Kb4 47. Rb5# 1-0

[Event "Tournoi Skype 030A"]
[Site "Skype"]
[Date "????.??.??"]
[Round "6.21"]
[White "Pouteau, Pascal"]
[Black "Bagayatkar, Madan"]
[Result "0-1"]
[WhiteElo "1349"]
[BlackElo "1405"]
[PlyCount "42"]

1. d4 d5 2. Nc3 Nf6 3. Bg5 e6 4. e4 dxe4 5. Nxe4 Be7 6. Bb5+ c6 7. Nxf6+ gxf6
8. Bf4 Qa5+ 9. c3 Qxb5 10. Qc2 Nd7 11. Nf3 Nf8 12. h4 Ng6 13. Be3 h5 14. Qd2
Bd7 15. d5 Qxd5 16. Qxd5 cxd5 17. Nd4 e5 18. Nb3 f5 19. O-O f4 20. Bc5 Nxh4 21.
Bxe7 Kxe7 0-1

[Event "Tournoi Skype 030A"]
[Site "Skype"]
[Date "????.??.??"]
[Round "6.23"]
[White "Thoune, Jim"]
[Black "Marino, Giuseppe"]
[Result "1-0"]
[WhiteElo "1598"]
[BlackElo "1339"]
[PlyCount "37"]

1. d4 d5 2. c4 c6 3. Bf4 e6 4. e3 Bd6 5. Bxd6 Qxd6 6. Nc3 Nf6 7. Nf3 O-O 8. Bd3
Re8 9. Ne5 Nbd7 10. c5 Qc7 11. f4 Nxe5 12. fxe5 Ne4 13. Nxe4 dxe4 14. Bxe4 Qe7
15. O-O Qh4 16. Rf4 Qe7 17. Bxh7+ Kf8 18. Qh5 f6 19. Bg6 1-0

[Event "Tournoi Skype 030A"]
[Site "Skype"]
[Date "????.??.??"]
[Round "6.24"]
[White "Pantaleon, Julio"]
[Black "Alvarez, Juan Evangelista"]
[Result "0-1"]
[WhiteElo "1241"]
[BlackElo "1529"]
[PlyCount "104"]

1. Nf3 Nc6 2. c4 e5 3. e4 Bb4 4. a3 Bc5 5. b4 Bd4 6. Nxd4 Nxd4 7. Bb2 Ne7 8. d3
Ne6 9. Bxe5 b6 10. Be2 O-O 11. O-O Ng6 12. Bg3 Qf6 13. Qd2 Qxa1 14. f4 f5 15.
exf5 Rxf5 16. Bg4 Ne7 17. Bxf5 d5 18. Bxe6+ Bxe6 19. cxd5 Nxd5 20. Re1 Bf5 21.
Qc2 Rd8 22. Qb3 Qd4+ 23. Bf2 Qxd3 24. Qxd3 Bxd3 25. Nd2 Bg6 26. Nc4 Nxf4 27.
Bg3 b5 28. Ne5 Nd3 29. Nxd3 Rxd3 30. Bxc7 h5 31. Be5 Rxa3 32. Bd4 Ra4 33. Re7
Bf7 34. Bc5 a6 35. Re5 Kh7 36. Re7 Ra1+ 37. Kf2 Kg6 38. Re3 Kh6 39. Rg3 h4 40.
Be3+ Kh7 41. Rg4 Ra2+ 42. Kf3 Bh5 43. Kf4 Bxg4 44. Kxg4 Rb2 45. Kxh4 Rxb4+ 46.
Kg3 a5 47. h4 a4 48. Bc5 Rc4 49. Ba3 b4 50. Bb2 a3 51. Be5 b3 52. Kf3 b2 0-1

[Event "Tournoi Skype 030A"]
[Site "Skype"]
[Date "????.??.??"]
[Round "6.25"]
[White "Graham, Neil"]
[Black "Sequeda Pimiento, Javier Ricardo"]
[Result "1-0"]
[WhiteElo "1285"]
[BlackElo "1434"]
[PlyCount "93"]

1. d4 Nf6 2. c4 g6 3. Nf3 Bg7 4. e3 d6 5. b3 O-O 6. Bb2 Nbd7 7. Be2 Re8 8. O-O
e5 9. dxe5 dxe5 10. Nbd2 e4 11. Nd4 Nc5 12. Qc2 Bg4 13. Rfd1 Bxe2 14. Nxe2 Nd3
15. Nxe4 Nxe4 16. Rxd3 Qe7 17. Bxg7 Kxg7 18. Rad1 Qf6 19. Nf4 h5 20. Nd5 Qg5
21. Nxc7 Qe5 22. Nxa8 Rxa8 23. Rd5 Qe6 24. Qb2+ Kh7 25. Qe5 Qxe5 26. Rxe5 Nf6
27. Re7 Kg7 28. Rxb7 a5 29. f3 a4 30. b4 a3 31. c5 Rc8 32. Kf2 Re8 33. e4 Re5
34. Rd3 g5 35. Rxa3 g4 36. Ra5 gxf3 37. gxf3 h4 38. c6 Re8 39. c7 Rc8 40. Raa7
Nd7 41. Ra5 Kf6 42. Rd5 Ke6 43. a4 Ke7 44. a5 Ra8 45. c8=Q Rxc8 46. Rdxd7+ Ke8
47. Re7+ 1-0

[Event "Tournoi Skype 030A"]
[Site "Skype"]
[Date "????.??.??"]
[Round "6.26"]
[White "Vello, Pablo"]
[Black "Ramirez Reina, Orlando"]
[Result "1/2-1/2"]
[WhiteElo "1135"]
[BlackElo "1402"]
[PlyCount "91"]

1. d4 e5 2. dxe5 Nc6 3. Nf3 Qe7 4. Nc3 Nxe5 5. Nxe5 Qxe5 6. Qd5 d6 7. Qxe5+
dxe5 8. Nd5 Bd6 9. e3 c6 10. Nc3 Bb4 11. Bd2 Bxc3 12. Bxc3 f6 13. O-O-O Be6 14.
Kb1 Ne7 15. Be2 Nd5 16. Ba5 b6 17. Be1 Ke7 18. Bc4 Rhd8 19. Bxd5 Rxd5 20. Bb4+
c5 21. Bc3 Rad8 22. Rxd5 Rxd5 23. e4 Rd7 24. a3 a5 25. Kc1 Bc4 26. Rd1 Rxd1+
27. Kxd1 Ke6 28. Kd2 g6 29. Ke3 f5 30. exf5+ gxf5 31. f4 exf4+ 32. Kxf4 Bf1 33.
g3 Bg2 34. b4 cxb4 35. axb4 axb4 36. Bxb4 b5 37. Kg5 Be4 38. c3 Ke5 39. h4 Bd3
40. h5 Be2 41. h6 Bd3 42. Bf8 Bb1 43. Bg7+ Ke6 44. Kf4 Kd5 45. Ke3 Kc4 46. Kd2
1/2-1/2

[Event "Tournoi Skype 030A"]
[Site "Skype"]
[Date "????.??.??"]
[Round "6.27"]
[White "Navghane, Rahul"]
[Black "Galani, Mahendra"]
[Result "1-0"]
[WhiteElo "1007"]
[BlackElo "1395"]
[PlyCount "123"]

1. b3 g6 2. Bb2 Nf6 3. e4 Bg7 4. e5 Nh5 5. g4 Nf4 6. Qf3 Ne6 7. h4 Nc6 8. Qg3
d6 9. f4 f6 10. exf6 exf6 11. Na3 Qe7 12. O-O-O Bd7 13. Re1 f5 14. Bxg7 Qxg7
15. gxf5 Qa1+ 16. Nb1 gxf5 17. Bc4 Qf6 18. Bxe6 Bxe6 19. Nf3 O-O-O 20. Nc3 Rhg8
21. Qf2 Kb8 22. Kb1 d5 23. Ne5 Nb4 24. a3 Na6 25. Nb5 c5 26. b4 Rc8 27. Nd6 Rc7
28. b5 Bf7 29. bxa6 Qxd6 30. axb7 Qb6+ 31. Ka2 d4+ 32. Nxf7 Rxf7 33. Rb1 Qe6+
34. Ka1 Qa6 35. Qf3 Rgg7 36. Rhe1 Qa4 37. Qb3 Qc6 38. Re5 Rxb7 39. Qe6 Rxb1+
40. Kxb1 Rg1+ 41. Ka2 Qxe6+ 42. Rxe6 c4 43. Re5 Rg4 44. Rxf5 Rxh4 45. Kb2 Rh3
46. Rf7 a5 47. Rd7 c3+ 48. dxc3 dxc3+ 49. Kb3 h5 50. f5 Kc8 51. Ra7 a4+ 52.
Rxa4 Rf3 53. Rh4 Rxf5 54. Kxc3 Rc5+ 55. Kd2 Kd7 56. a4 Ke7 57. Kd3 Kf7 58. c4
Kg6 59. Kc3 Kg5 60. Rxh5+ Kxh5 61. Kb4 Kg5 62. Kxc5 1-0

[Event "Tournoi Skype 030A"]
[Site "Skype"]
[Date "????.??.??"]
[Round "6.28"]
[White "Hadla, Mohammad Ali"]
[Black "Pasasin, Alejandro"]
[Result "1-0"]
[WhiteElo "1627"]
[BlackElo "1304"]
[PlyCount "71"]

1. e4 e5 2. Bc4 Bc5 3. d4 exd4 4. Bxf7+ Kxf7 5. Qh5+ g6 6. Qxc5 d6 7. Qxd4 Nc6
8. Qxh8 Qe7 9. Qxh7+ Kf8 10. Qxg6 d5 11. Nc3 Ne5 12. Bh6+ Nxh6 13. Qxh6+ Ke8
14. Nxd5 Nf7 15. Nxe7 Nxh6 16. Nxc8 Rxc8 17. O-O-O Ng4 18. Nh3 Ne5 19. Rd5 Nc4
20. e5 c6 21. Rd4 b5 22. Nf4 Ke7 23. e6 Ne5 24. Re1 c5 25. Rd5 Nc4 26. Rd7+ Ke8
27. Rh7 Nd6 28. Rh8+ Ke7 29. Rxc8 Nxc8 30. Ng6+ Kf6 31. e7 Nxe7 32. Nxe7 c4 33.
Kd2 b4 34. a3 a5 35. axb4 axb4 36. Nd5+ 1-0

[Event "Tournoi Skype 030A"]
[Site "Skype"]
[Date "????.??.??"]
[Round "6.29"]
[White "Grib, Johannes"]
[Black "Sauvaget, Joel"]
[Result "1-0"]
[WhiteElo "1328"]
[BlackElo "1290"]
[PlyCount "33"]

1. e4 e5 2. Nf3 Nc6 3. Bb5 d6 4. Nc3 Bd7 5. Bc4 Nf6 6. Ng5 d5 7. exd5 Ne7 8. d6
Be6 9. dxe7 Qxe7 10. Nxe6 fxe6 11. O-O O-O-O 12. d3 Kb8 13. Be3 e4 14. Re1 exd3
15. cxd3 h5 16. Qa4 a6 17. Bxe6 1-0

[Event "Tournoi Skype 030A"]
[Site "Skype"]
[Date "????.??.??"]
[Round "6.30"]
[White "Tembhurnekar, Ritu"]
[Black "Fernandez Zaldivar, Antonio"]
[Result "1-0"]
[WhiteElo "1011"]
[BlackElo "1291"]
[PlyCount "59"]

1. d4 Nf6 2. Nf3 d5 3. e3 c6 4. Bd3 Bg4 5. Nbd2 Nbd7 6. c3 e6 7. O-O Be7 8. Re1
O-O 9. e4 dxe4 10. Nxe4 Nxe4 11. Bxe4 Nf6 12. Bd3 Qc7 13. h3 Bh5 14. Bc4 h6 15.
Qe2 Nd5 16. Qe4 Bg6 17. Qe5 Bd6 18. Qe2 Rfe8 19. Ne5 Bh7 20. Qh5 Nf6 21. Qf3
Bxe5 22. Rxe5 Nd5 23. Bd2 c5 24. Rae1 cxd4 25. Bxd5 Rab8 26. Bb3 d3 27. Qg3 Kh8
28. Bf4 Qb6 29. Be3 Qxb3 30. axb3 1-0

[Event "Tournoi Skype 030A"]
[Site "Skype"]
[Date "????.??.??"]
[Round "6.31"]
[White "Gharbi, Said"]
[Black "Kruk, Clementine"]
[Result "0-1"]
[WhiteElo "1434"]
[BlackElo "1313"]
[PlyCount "72"]

1. e4 e5 2. Nf3 Nc6 3. Bc4 Bc5 4. d3 d6 5. Ng5 Qf6 6. O-O Be6 7. Bxe6 fxe6 8.
Qg4 Nd4 9. Qd1 h6 10. Nh3 Ne7 11. c3 Ndc6 12. Nd2 O-O-O 13. Nb3 Bb6 14. Be3
Bxe3 15. fxe3 Qg6 16. Nf2 Rhf8 17. d4 exd4 18. exd4 d5 19. e5 Nf5 20. Qg4 Nce7
21. Nc5 Rde8 22. Qxg6 Nxg6 23. Nfd3 b6 24. Na6 Ne3 25. Rf2 Rxf2 26. Nxf2 Nf4
27. Nh3 Nfxg2 28. Nb4 Nh4 29. Nd3 Rf8 30. Nhf4 Kd7 31. Kh1 Rf5 32. Rg1 g5 33.
Nh5 Ke7 34. Ng3 Rf3 35. Ne1 Rf2 36. Nd3 Rd2 0-1

[Event "Tournoi Skype 030A"]
[Site "Skype"]
[Date "????.??.??"]
[Round "6.32"]
[White "Munoz Gonzalez, Martin"]
[Black "Davis, Michael"]
[Result "1/2-1/2"]
[WhiteElo "1412"]
[BlackElo "1359"]
[PlyCount "31"]

1. Nf3 d5 2. e3 Bf5 3. b3 Nf6 4. Bb2 c6 5. Be2 Nbd7 6. d3 e6 7. h3 Bd6 8. Nbd2
Qe7 9. c4 Nc5 10. Nb1 O-O 11. O-O Rfe8 12. Nh4 dxc4 13. bxc4 Bxd3 14. Bxd3 Nxd3
15. Qxd3 Bh2+ 16. Kh1 1/2-1/2